000
00301nam a22001337a 4500
008
170221b xxu||||| |||| 00| 0 eng d
020
_a
9780323044868
041
_a
eng
080
_2
5 ED
_a
615
100
_a
5
101
_a
SHF
245
_a
PHARMACOLOGY NURSING PROCESS
_c
ALLERTON.B
942
_2
udc
_c
BK
999
_c
6004
_d
6004